000 00345nam a22001337a 4500
003 SGT
020 _a9789355622518
082 _a891.4309
_bG24M
100 _aमूर्ति, सुधा
245 _a गोपी की डायरी -4
260 _bप्रभात प्रकाशन
_c2024
300 _a171
942 _2ddc
_cBK
999 _c32063
_d32063